[Event "Cheliabinsk Region Cup 5th"]
[Site "Cheliabinsk"]
[Date "2007.09.05"]
[Round "4"]
[White "Mokin, Nikolai"]
[Black "Arkhipenko, Daniil"]
[Result "1-0"]
[WhiteElo "2293"]
[BlackElo "2136"]
[PlyCount "73"]
[EventDate "2007.09.02"]
[EventType "swiss"]
[EventRounds "9"]
[EventCountry "RUS"]
[SourceTitle "EXT 2022"]
[Source "ChessBase"]
[SourceDate "2021.10.06"]
[SourceVersion "1"]
[SourceVersionDate "2021.10.06"]
[SourceQuality "1"]

1. d4 Nf6 2. c4 g6 3. Nc3 Bg7 4. e4 d6 5. Nf3 0-0 6. Be2 Bg4 7. h3 Bxf3 8. Bxf3 Nfd7 9. 0-0 Nc6 10. d5 Na5 11. Be2 Bxc3 12. bxc3 e5 13. dxe6 fxe6 14. Bh6 Rf7 15. f4 Qf6 16. Qd2 Nc5 17. e5 Qh4 18. Bg5 Ne4 19. Qd4 Nxg5 20. fxg5 Qxd4+ 21. cxd4 dxe5 22. dxe5 Nc6 23. Rf6 Nxe5 24. Rxe6 Nd7 25. Rb1 Nf8 26. Re3 c6 27. c5 Kg7 28. Bc4 Rc7 29. Reb3 Rb8 30. Rf3 b5 31. Bb3 a5 32. a3 h6 33. gxh6+ Kxh6 34. Rd1 a4 35. Bc2 Rd7 36. Rdf1 Kg7 37. Rg3 1-0

[Event "Cheliabinsk Region Cup 5th"]
[Site "Cheliabinsk"]
[Date "2007.09.02"]
[Round "1"]
[White "Mokin, Nikolai"]
[Black "Matveeva, Anastasia"]
[Result "1-0"]
[WhiteElo "2293"]
[BlackElo "2004"]
[PlyCount "51"]
[EventDate "2007.09.02"]
[EventType "swiss"]
[EventRounds "9"]
[EventCountry "RUS"]
[SourceTitle "EXT 2022"]
[Source "ChessBase"]
[SourceDate "2021.10.06"]
[SourceVersion "1"]
[SourceVersionDate "2021.10.06"]
[SourceQuality "1"]

1. Nf3 d5 2. c4 e6 3. b3 Nf6 4. Bb2 Be7 5. g3 0-0 6. Bg2 c6 7. 0-0 Nbd7 8. d3 b6 9. Qc2 Bb7 10. e4 dxe4 11. dxe4 Qc7 12. e5 Ng4 13. Qe4 Nh6 14. Nbd2 Nc5 15. Qc2 Rad8 16. Rad1 Nf5 17. g4 Nh6 18. h3 f6 19. exf6 Bxf6 20. Bxf6 gxf6 21. Ne4 Nxe4 22. Qxe4 Qf7 23. Qe3 Kg7 24. Nd4 Rd6 25. g5 fxg5 26. Qe5+ 1-0

[Event "Cheliabinsk Kibizov Memorial 2nd"]
[Site "Cheliabinsk"]
[Date "2007.07.07"]
[Round "7"]
[White "Akst, Ilia"]
[Black "Mokin, Nikolai"]
[Result "0-1"]
[WhiteElo "2263"]
[BlackElo "2293"]
[PlyCount "56"]
[EventDate "2007.07.01"]
[EventType "swiss"]
[EventRounds "9"]
[EventCountry "RUS"]
[SourceTitle "EXT 2022"]
[Source "ChessBase"]
[SourceDate "2021.10.06"]
[SourceVersion "1"]
[SourceVersionDate "2021.10.06"]
[SourceQuality "1"]

1. c4 Nf6 2. Nc3 g6 3. d4 Bg7 4. g3 d5 5. Bg2 dxc4 6. Qa4+ Nbd7 7. Qxc4 e5 8. d5 0-0 9. Bg5 h6 10. Bxf6 Nxf6 11. e4 Ne8 12. Nf3 Nd6 13. Qe2 b5 14. 0-0 b4 15. Nb1 a5 16. Rc1 f5 17. Nh4 fxe4 18. Bh1 g5 19. Ng2 Ba6 20. Qd2 Nc4 21. Qc2 Qxd5 22. a3 Qd4 23. axb4 e3 24. fxe3 Nxe3 25. Qc3 Nc2+ 26. Qxd4 Nxd4 27. Nf4 exf4 28. Rxc7 Ne2+ 0-1